[Event "Bloemfontein-ch op"]
[Site "Bloemfontein"]
[Date "2018.07.14"]
[Round "11"]
[White "Springbok, Jason"]
[Black "Bezuidenhout, Roland Reinhold"]
[Result "0-1"]
[WhiteElo "1428"]
[BlackElo "2162"]
[PlyCount "78"]
[EventDate "2018.07.07"]
[EventType "swiss"]
[EventRounds "11"]
[EventCountry "RSA"]
[SourceTitle "EXT 2019"]
[Source "ChessBase"]
[SourceDate "2018.10.10"]
[SourceVersion "1"]
[SourceVersionDate "2018.10.10"]
[SourceQuality "1"]

1. d4 e6 2. c4 Nf6 3. Nf3 d5 4. Nc3 Bb4 5. Bg5 h6 6. Bh4 g5 7. Bg3 Ne4 8. Qc2 Nc6 9. e3 h5 10. h3 Nxg3 11. fxg3 Qd6 12. Qf2 Qe7 13. a3 Bxc3+ 14. bxc3 Bd7 15. c5 b6 16. cxb6 axb6 17. a4 f6 18. Bd3 Na5 19. Bg6+ Kd8 20. Bc2 Kc8 21. Nd2 f5 22. Ke2 Re8 23. Qf3 Kb7 24. Qxh5 e5 25. Qf3 exd4 26. cxd4 Nc6 27. Kf2 f4 28. gxf4 gxf4 29. Rhe1 fxe3+ 30. Rxe3 Qb4 31. Qd1 Rxe3 32. Kxe3 Qxd4+ 33. Ke2 Nb4 34. Ra3 Nxc2 35. Qxc2 Bxa4 36. Qa2 Re8+ 37. Kf3 Bd1+ 38. Kg3 Qe5+ 39. Kf2 Qd4+ 0-1

[Event "Bloemfontein-ch op"]
[Site "Bloemfontein"]
[Date "2018.07.12"]
[Round "9"]
[White "Springbok, Jason"]
[Black "Kabi, Thato"]
[Result "0-1"]
[WhiteElo "1428"]
[BlackElo "1710"]
[PlyCount "126"]
[EventDate "2018.07.07"]
[EventType "swiss"]
[EventRounds "11"]
[EventCountry "RSA"]
[SourceTitle "EXT 2019"]
[Source "ChessBase"]
[SourceDate "2018.10.10"]
[SourceVersion "1"]
[SourceVersionDate "2018.10.10"]
[SourceQuality "1"]

1. d4 Nf6 2. c4 c5 3. d5 b5 4. cxb5 a6 5. g3 axb5 6. Bg2 d6 7. e4 g6 8. Ne2 Bg7 9. 0-0 0-0 10. Nf4 Nbd7 11. Nd3 b4 12. f4 c4 13. Nf2 Qb6 14. Re1 Nc5 15. Be3 Nfd7 16. Bd4 Bxd4 17. Qxd4 Nb3 18. Qxc4 Nxa1 19. Nd2 Ba6 20. Qc6 Nc2 21. Qxc2 Rfc8 22. Qb3 Nc5 23. Qe3 Bb5 24. a3 bxa3 25. bxa3 Qa7 26. Rb1 Rcb8 27. e5 Qxa3 28. Qxa3 Rxa3 29. Bf1 Nb3 30. Nc4 Bxc4 31. Bxc4 Rb4 32. Bd3 Ra1 33. Rxa1 Nxa1 34. exd6 exd6 35. Kf1 Nb3 36. f5 Rd4 37. fxg6 hxg6 38. Kg2 Nc5 39. Bc2 Rd2 40. Bb1 Rb2 41. Bxg6 fxg6 42. Kf3 Rd2 43. Ng4 Kg7 44. Ne3 Rxh2 45. Nc4 Nb7 46. g4 Rh3+ 47. Ke4 Rg3 48. Kf4 Rd3 49. Ne3 Rxe3 50. Kxe3 Kf6 51. Kf4 g5+ 52. Ke4 Nc5+ 53. Kd4 Nd7 54. Ke4 Ne5 55. Ke3 Nxg4+ 56. Kf3 Kf5 57. Kg3 Nf6 58. Kf3 Nxd5 59. Kg3 g4 60. Kf2 Kf4 61. Kg2 g3 62. Kf1 Kf3 63. Kg1 Ne3 0-1

[Event "RSA-ch U16"]
[Site "Waterkloof"]
[Date "2015.04.07"]
[Round "6"]
[White "Springbok, Jason"]
[Black "Spirou, Victor"]
[Result "0-1"]
[WhiteElo "1292"]
[BlackElo "1566"]
[PlyCount "64"]
[EventDate "2015.04.04"]
[EventType "swiss"]
[EventRounds "9"]
[EventCountry "RSA"]
[SourceTitle "CBM 166 Extra"]
[Source "ChessBase"]
[SourceDate "2015.06.18"]
[SourceVersion "1"]
[SourceVersionDate "2015.06.18"]
[SourceQuality "1"]

1. e4 e5 2. Nf3 Nc6 3. Bc4 Bc5 4. Nc3 Nf6 5. d3 d6 6. Bg5 h6 7. Bh4 Bg4 8. Nd5 g5 9. Nxf6+ Qxf6 10. h3 Bxf3 11. Bxg5 hxg5 12. gxf3 Nd4 13. Kd2 Nxf3+ 14. Kc1 Qf4+ 15. Kb1 Nd2+ 16. Kc1 Nxc4+ 17. Kb1 Nd2+ 18. Kc1 Nb3+ 19. Kb1 Nxa1 20. Kxa1 0-0-0 21. a3 Rh4 22. Ka2 Rdh8 23. b4 Bd4 24. Kb3 Rxh3 25. Rf1 Qf3 26. Qc1 f6 27. a4 Rh1 28. Rxh1 Rxh1 29. Qd2 Rd1 30. Qxd1 Qxd1 31. b5 Qa1 32. c4 Qb2# 0-1